000 00641nam a2200193Ia 4500
003 GCL
008 140319s9999 xx 000 0 ara d
040 _aGCL /
_cGCL
082 0 4 _a189.3
_bم ح
100 1 _aمحمد حسينى ابوسعده
245 1 0 _aحقيقة المعاد بين الدين والفلسفة /
_cمحمد حسينى ابوسعده
260 _a[S.N] :
_bشركة الصفا للطباعة والترجمة والنشر ،
_c1990
300 _a133 ص
490 _a
650 0 4 _aالفلسفة الاسلامية
650 0 4 _aابن سينا
650 0 4 _aالديانات الوضعية
942 _2ddc
_cBK
999 _c64450
_d64450